Inside matter

Bibliographic Details
Main Author: Uttley, Colin
Format: Book
Published: Brown Reference Group , 2006
Edition:Volume 5
Series:Science experiments ; great science projects
Subjects:

MARC

LEADER 00000cam a2200000 7i4500
001 0000031943
005 20151222.0
008 120423
020 |a 1840442123 
090 0 0 |a SC   |b ENG 
100 1 |a Uttley, Colin 
245 1 0 |a Inside matter   |c Colin Uttley 
250 |a Volume 5 
260 |b Brown Reference Group ,   |c 2006 
440 0 |a Science experiments ; great science projects 
500 |a Children ages 10-12 years old (pink) 
650 0 |a Matter   |x experiments   |x juvenile literature 
650 0 |a Science   |x experiments   |x juvenile literature 
999 |a 0001043119   |b Book   |c Children Collection   |e Cawangan Tangkak 
999 |a 0001055500   |b Book   |c Children Collection   |e Perbadanan Perpustakaan Awam Johor